000 01143njm a22002657a 4500
005 2010091505465.0
006 a|||||r|||||00| 0
007 sd ammalaaahaa
008 100915t xxu||||| |||| 00| 0 eng d
028 _aECSD.5532
_bHis master's Voice
035 _aGR-02759
040 _aSED
_cSED
100 _917455
_aMangeshkar, Lata
245 _aTum na jane kis jahan men (Sazaa) /
_cby Lata Mangeshkar
_h[sound recording] :
246 _aतुम न जाने किस जहाँ में (सज़ा) / लता मंगेशकर द्वारा
260 _aDum Dum, India
_bHis Master's Voice
_c1977
300 _a1 sound disc [Gramophone Recording]:
_banalog, 33 1/3 rpm
_c12 in. (LP)
_fGramophone Record
500 _aBrief Record
500 _aRecord labels :His Master's Voice,Red
505 _aSide-2 मेरा जूता है जापानी (Mera joota hai japani) (Shree 420) (Mukesh)
600 _aMangeshkar, Lata
_91184
650 _aFilm songs
_zIndia
_91186
_xExcerpts
942 _2ddc
_cGR
999 _c45978
_d45978